Normal view
MARC view
- Employees -Overseas.
Entry Topical Term
001 - CONTROL NUMBER
- control field: 41922
003 - CONTROL NUMBER IDENTIFIER
- control field: OSt
005 - DATE AND TIME OF LATEST TRANSACTION
- control field: 20200305121136.0
008 - FIXED-LENGTH DATA ELEMENTS
- fixed length control field: 200305|| aca||aabn | a|a d
040 ## - CATALOGING SOURCE
- Original cataloging agency: OSt
- Transcribing agency: OSt
150 ## - HEADING--TOPICAL TERM
- Topical term or geographic name entry element: Employees -Overseas.
670 ## - SOURCE DATA FOUND
- Source citation: Work cat.: (OSt): 1,000 OFWs to be repatriated from Libya., ©2019.
